000 00485nam a2200193Ia 4500
003 GCL
005 20240530100219.0
008 220720b |||||||| |||| 00| 0 eng d
040 _aGCL /
_cGCL
082 0 4 _a791.437
_bR R
100 1 _aRICHTER, ERIKA
245 1 0 _aREALISTISCHER FILM IN AGYPTEN /
_cRICHTER, ERIKA
260 _a[S.N] :
_bKUNST UND GESELLSCHABT ،
_c1974
300 _a206 P
650 0 4 _aFILMS - EGYPT
650 0 4 _aEGYPT
650 0 4 _aFILMS
942 _2ddc
_cBK
999 _c15253
_d15253